000 00285nam a2200121Ia 4500
005 20251222140101.0
008 251222s1900||||xx |||||||||||||| ||spa||
082 _a217.3/C93
100 _aCuadro Moreno, Osvaldo
245 0 _aLuces y Sombras del Alma
264 _bllOMINI
942 _cLIB
999 _c3917
_d3917